000 00497nam a2200181Ia 4500
001 20116
005 20260306172742.0
008 260306t2023||||xx |||||||||||||| ||spa||
041 _aESP
082 _a342.217
_bA45
100 _aAlonso García, Ricardo,
_eAUT
245 0 _aHacedores de derecho :
_bdiscursos académicos al hilo de la judicatura y la supranacionalidad
260 _c2023
300 _a163 páginas :
_c21 cm.
650 _aGEN
654 _aCDE
942 _cLIB
_dJUS
_fJUS
_2ddc
_n
999 _c20116
_d20116